| 000 | 01752nam a22004577a 4500 | ||
|---|---|---|---|
| 003 | CHAP | ||
| 005 | 20220329143256.0 | ||
| 008 | 071203s2007 mx r 00010 spa d | ||
| 010 | _a94299 | ||
| 011 | _a95271 | ||
| 035 | _a105890 | ||
| 040 | _cCHAP | ||
| 090 | _aTesis | ||
| 100 | 1 |
_aCastillo López, Samuel. _920163 |
|
| 245 | 1 | 0 |
_aAlelopatía de extractos de semilla de alpistillo (Phalaris minor Retz) y avena silvestre (Avena fatua L.) sobre la germinación de cebada (Hordeum vulgare L.) _c/por Samuel Castillo López |
| 260 |
_aChapingo, Méx. : _bEl autor, _c2007 |
||
| 300 |
_a37 h. : _bgráfs. ; cuadros |
||
| 502 | _aTesis (Ing. Agr. Esp. en Parasitología Agrícola) -- UACH. Departamento de Parasitología Agrícola | ||
| 530 | _aTambién disponible en línea | ||
| 590 |
_aALEPH _b10 _c20130110 _lUCH01 _h1521 |
||
| 590 |
_aBATCH-UPD _b10 _c20130110 _lUCH01 _h0709 |
||
| 590 |
_aBATCH-UPD _b10 _c20130410 _lUCH01 _h0354 |
||
| 590 |
_aBATCH-UPD _b10 _c20130914 _lUCH01 _h0436 |
||
| 590 |
_aBATCH-UPD _b10 _c20140324 _lUCH01 _h1505 |
||
| 590 |
_aBATCH-UPD _b10 _c20141002 _lUCH01 _h0835 |
||
| 590 |
_aBATCH _b00 _c20181121 _lUCH01 _h0759 |
||
| 590 |
_aCONVERSION _b10 _c20130109 _lUCH01 _h1352 |
||
| 650 | 1 | 4 |
_aAlelopatia. _93761 |
| 650 | 1 | 4 |
_aAvena fatua. _98557 |
| 650 | 1 | 4 |
_aCebada. _920652 |
| 650 | 1 | 4 |
_aExtractos vegetales. _939214 |
| 650 | 1 | 4 |
_aGerminación. _947755 |
| 650 | 1 | 4 |
_aPhalaris minor. _987761 |
| 856 |
_3Finding aid _uhttp://10.13.5.2/tesis/105890.pdf _zTeclea aqui |
||
| 856 |
_a1 _n0001423 |
||
| 901 | _aBK | ||
| 905 | _aElisama A. H. | ||
| 942 | _cFOLL | ||
| 949 |
_aTesis _bBC _cTES _d33724002045215 _eTS1 _gDonaciØn _h47390 _i105890 _sb |
||
| 949 |
_aTesis _bBC _cTES _d33724002045256 _eTS2 _fc.2 _gDonaciØn _h47391 _i105890 _sb |
||
| 999 |
_c94299 _d94299 |
||